99 ways to get kids to love writing : (Record no. 291990)
[ view plain ]
| 000 -LEADER | |
|---|---|
| fixed length control field | 00653nam a2200217Ia 4500 |
| 008 - FIXED-LENGTH DATA ELEMENTS--GENERAL INFORMATION | |
| fixed length control field | 160319s9999 xx 000 0 und d |
| 020 ## - INTERNATIONAL STANDARD BOOK NUMBER | |
| International Standard Book Number | 0-609803204 |
| 050 ## - LIBRARY OF CONGRESS CALL NUMBER | |
| Classification number | 428 |
| 050 ## - LIBRARY OF CONGRESS CALL NUMBER | |
| Item number | .L584w 1998 |
| 100 ## - MAIN ENTRY--PERSONAL NAME | |
| Personal name | Leonhardt, Mary |
| 245 ## - TITLE STATEMENT | |
| Title | 99 ways to get kids to love writing : |
| 245 ## - TITLE STATEMENT | |
| Remainder of title | and 10 easy tips for teaching them grammar / |
| 245 ## - TITLE STATEMENT | |
| Statement of responsibility, etc | Mary Leonhardt. |
| 260 ## - PUBLICATION, DISTRIBUTION, ETC. (IMPRINT) | |
| Place of publication, distribution, etc | New York : |
| 260 ## - PUBLICATION, DISTRIBUTION, ETC. (IMPRINT) | |
| Name of publisher, distributor, etc | Three Rivers Press, |
| 260 ## - PUBLICATION, DISTRIBUTION, ETC. (IMPRINT) | |
| Date of publication, distribution, etc | 1998 |
| 300 ## - PHYSICAL DESCRIPTION | |
| Extent | 123 pages ; |
| 300 ## - PHYSICAL DESCRIPTION | |
| Dimensions | 21 cm. |
| 650 ## - SUBJECT ADDED ENTRY--TOPICAL TERM | |
| Topical term or geographic name as entry element | English language -- Composition and exercises -- Study and teaching. |
| 650 ## - SUBJECT ADDED ENTRY--TOPICAL TERM | |
| Topical term or geographic name as entry element | English language -- Grammar -- Study and teaching. |
| Withdrawn status | Lost status | Damaged status | Home library | Current library | Shelving location | Date acquired | Total Checkouts | Full call number | Barcode | Date last seen | Price effective from | Koha item type |
|---|---|---|---|---|---|---|---|---|---|---|---|---|
| Stonyhurst Southville International School (Batangas) | Stonyhurst Southville International School (Batangas) | Grade School Section | 03/19/2016 | 428 .L584w 1998 | LS-2748 | 03/19/2016 | 03/19/2016 | Books |